[Event "zonal 3.2a"]
[Site "Yangon MYA"]
[Date "1998.12.12"]
[Round "5"]
[White "Dao Thien Hai"]
[Black "Sharavdorj, Dashzeveg"]
[Result "1/2-1/2"]
[WhiteElo "2580"]
[BlackElo "2385"]
[EventDate "1998.12.??"]
[PlyCount "95"]

1.d4 Nf6 2.c4 g6 3.Nc3 Bg7 4.e4 d6 5.Be2 O-O 6.Bg5 a6 7.Nf3 h6 8.Bh4 g5 9.
Bg3 Nh5 10.Qd2 e5 11.dxe5 Nxg3 12.hxg3 dxe5 13.Qxd8 Rxd8 14.Nd5 c6 15.Nb6 
Ra7 16.Nh2 Be6 17.Bg4 Rd4 18.Bxe6 fxe6 19.Nf3 Rd8 20.Ke2 c5 21.Rad1 Re8 
22.b3 Kf7 23.Rd2 a5 24.Rhd1 Ra6 25.Na4 Rc6 26.Rd6 g4 27.Nh2 h5 28.Rxc6 
bxc6 29.Nxc5 Bf8 30.Nb7 Kf6 31.Nxa5 Bb4 32.Nb7 Re7 33.Nd6 Ra7 34.a4 Na6 
35.f3 Nc5 36.fxg4 Nxb3 37.Rf1+ Kg6 38.gxh5+ Kxh5 39.Nf7 Rxa4 40.Nxe5 Ra2+ 
41.Kd3 Nc5+ 42.Kd4 Nb3+ 43.Kd3 Nc5+ 44.Kd4 Nb3+ 45.Ke3 Bd2+ 46.Kd3 Nc5+ 
47.Kd4 Nb3+ 48.Kd3 1/2-1/2

[Event "zonal 3.2a"]
[Site "Yangon MYA"]
[Date "1998.12.12"]
[Round "5"]
[White "De Guzman, Ricardo"]
[Black "Nyi Nyi Zaw"]
[Result "1-0"]
[WhiteElo "2400"]
[BlackElo "2190"]
[EventDate "1998.12.??"]
[PlyCount "81"]

1.e4 c5 2.f4 d5 3.exd5 Qxd5 4.Nc3 Qd6 5.Nf3 Nf6 6.Bb5+ Nbd7 7.O-O a6 8.
Bxd7+ Bxd7 9.Ne5 Bc6 10.d3 e6 11.Qe2 Be7 12.f5 exf5 13.Bf4 Qe6 14.Rae1 Rc8
15.Qf2 Kf8 16.Nc4 Ne4 17.Nxe4 fxe4 18.Bd6 f6 19.Qxc5 Rd8 20.Bxe7+ Qxe7 21.
Qb6 Re8 22.b3 Kg8 23.a4 h6 24.dxe4 Kh7 25.e5 Qf7 26.exf6 Rxe1 27.Rxe1 Qxf6
28.Qf2 Qg5 29.Qd2 Qc5+ 30.Qf2 Qg5 31.Qd2 Qc5+ 32.Qe3 Qd5 33.Qd3+ Qxd3 34.
cxd3 Rd8 35.Re3 Rd4 36.g3 b5 37.axb5 axb5 38.Nd2 Rb4 39.Kf2 Bd5 40.Re1 Bf7
41.Re4 1-0

[Event "zonal 3.2a"]
[Site "Yangon MYA"]
[Date "1998.12.12"]
[Round "5"]
[White "Handoko, Edhi"]
[Black "Villamayor, Buenaventura"]
[Result "1/2-1/2"]
[WhiteElo "2470"]
[BlackElo "2280"]
[EventDate "1998.12.??"]
[PlyCount "117"]

1.e4 e6 2.d4 d5 3.exd5 exd5 4.Nf3 Bd6 5.Bd3 Nc6 6.O-O Bg4 7.Re1+ Nge7 8.c3
Qd7 9.b4 O-O 10.h3 Bf5 11.Na3 Rfe8 12.Nb5 Bxd3 13.Nxd6 Qxd6 14.Qxd3 Qg6 
15.Qb5 a6 16.Qxb7 Qd6 17.b5 Na5 18.Qxa6 Rxa6 19.bxa6 Qxa6 20.Ba3 Nac6 21.
Bc5 Qa8 22.a4 Ng6 23.Rxe8+ Qxe8 24.a5 Nf8 25.c4 dxc4 26.d5 Nb8 27.a6 Nbd7 
28.a7 Qa8 29.Be3 c3 30.Ra6 c2 31.Nd4 Nb6 32.d6 Qb7 33.Ra1 Na8 34.Nxc2 cxd6
35.Nd4 g6 36.Bf4 Qe4 37.Be3 Ne6 38.Rd1 Nxd4 39.Rxd4 Qc6 40.Rb4 f6 41.h4 
Kf7 42.Rb8 h5 43.Rd8 Ke6 44.Bf4 d5 45.Be3 Kf5 46.f3 Ke6 47.Kh1 Ke7 48.Rg8 
d4 49.Bxd4 Qd5 50.Bc5+ Qxc5 51.Rxa8 Qc1+ 52.Kh2 Qc7+ 53.Kh1 Kd6 54.Rf8 
Qxa7 55.Rxf6+ Ke5 56.Rxg6 Kf4 57.Kh2 Ke3 58.f4 Qe7 59.Rg3+ 1/2-1/2

[Event "zonal 3.2a"]
[Site "Yangon MYA"]
[Date "1998.12.12"]
[Round "5"]
[White "Lim Yee Weng"]
[Black "Myo Thant Khine"]
[Result "0-1"]
[WhiteElo "2140"]
[BlackElo "2320"]
[EventDate "1998.12.??"]
[PlyCount "114"]

1.e4 c5 2.Nf3 Nc6 3.c3 d5 4.exd5 Qxd5 5.d4 cxd4 6.cxd4 Bg4 7.Be2 e6 8.Nc3 
Qd8 9.Be3 Nf6 10.Qb3 Bb4 11.a3 Bxc3+ 12.bxc3 Qc7 13.Rb1 b6 14.O-O O-O 15.
c4 Rac8 16.Rbc1 Rfd8 17.Rfd1 h6 18.h3 Bh5 19.Qb2 Na5 20.Qb5 Qb7 21.Bd2 Nc6
22.Be3 Ne7 23.Qb2 Qc7 24.Ne5 Bxe2 25.Qxe2 Nc6 26.Ng4 Qe7 27.c5 Nd5 28.cxb6
axb6 29.Qb2 Qd6 30.Nh2 Na5 31.a4 Qd7 32.Qa3 Nc4 33.Qb3 Na5 34.Qa3 Rc4 35.
Rxc4 Nxc4 36.Qb3 Na5 37.Qb5 Qxb5 38.axb5 Nc3 39.Rd3 Nxb5 40.d5 Nc4 41.Nf3 
Rxd5 42.Rxd5 exd5 43.Bd4 Nxd4 44.Nxd4 Kf8 45.Nc6 Ke8 46.Kf1 Kd7 47.Nb4 Kd6
48.Ke2 Kc5 49.Na6+ Kd4 50.Nc7 Nd6 51.g4 b5 52.f4 b4 53.g5 b3 54.Kd1 Kc4 
55.h4 d4 56.h5 d3 57.Kc1 Ne4 0-1

[Event "zonal 3.2a"]
[Site "Yangon MYA"]
[Date "1998.12.12"]
[Round "5"]
[White "Mariano, Nelson"]
[Black "Myo Naing"]
[Result "0-1"]
[WhiteElo "2435"]
[BlackElo "2345"]
[EventDate "1998.12.??"]
[PlyCount "58"]

1.e4 c5 2.Ne2 Nc6 3.Nbc3 g6 4.d4 cxd4 5.Nxd4 Bg7 6.Be3 Nf6 7.Bc4 O-O 8.Bb3
d6 9.f3 Bd7 10.Qd2 Rc8 11.O-O-O Ne5 12.h4 h5 13.Bg5 Rc5 14.Nde2 b5 15.Qe3 
a5 16.a4 bxa4 17.Nxa4 Bxa4 18.Qxc5 Bxb3 19.Qxe5 Bc4 20.Qh2 Bxe2 21.Rd2 Ba6
22.e5 Nd7 23.exd6 Qb8 24.c3 Be5 25.Qh3 e6 26.Rhd1 Rc8 27.f4 Bg7 28.Be7 Qb3
29.Rc2 a4 0-1

[Event "zonal 3.2a"]
[Site "Yangon MYA"]
[Date "1998.12.12"]
[Round "5"]
[White "Myint Han"]
[Black "Nay Oo Kyaw Tun"]
[Result "1/2-1/2"]
[WhiteElo "2260"]
[BlackElo "2395"]
[EventDate "1998.12.??"]
[PlyCount "127"]

1.e4 e5 2.Nf3 Nc6 3.Bb5 a6 4.Ba4 Nf6 5.O-O Be7 6.Re1 b5 7.Bb3 d6 8.c3 O-O 
9.d3 Na5 10.Bc2 c5 11.Nbd2 Qc7 12.Nf1 Re8 13.Ng3 g6 14.h3 Bf8 15.Nh2 Bg7 
16.Qf3 h5 17.Bg5 Nh7 18.Bd2 Bb7 19.Qe2 c4 20.Nf3 cxd3 21.Bxd3 d5 22.Rad1 
Nc4 23.Bc1 Nd6 24.Bc2 dxe4 25.Nxe4 Rad8 26.Nxd6 Rxd6 27.Rxd6 Qxd6 28.Rd1 
Qc6 29.Bb3 e4 30.Nd4 Qf6 31.Be3 Ng5 32.Qd2 Nh7 33.Ne2 Nf8 34.Nf4 Qf5 35.
Qd6 Be5 36.Qb6 Bc8 37.Ne2 Qf6 38.a4 Qxb6 39.Bxb6 Be6 40.Bxe6 Rxe6 41.a5 
Rd6 42.Rxd6 Bxd6 43.Nd4 Nd7 44.Kf1 f5 45.b3 Kf7 46.c4 bxc4 47.bxc4 Bc5 48.
Bxc5 Nxc5 49.Ke2 f4 50.h4 Kf6 51.g3 g5 52.Kf1 Ke5 53.Nc6+ Kf5 54.Nd4+ Kg4 
55.hxg5 Kxg5 56.gxf4+ Kxf4 57.Kg2 Nd3 58.Nb3 Ke5 59.Kg3 Nb2 60.Nc5 Nxc4 
61.Nxa6 Kd4 62.Nc7 Nxa5 63.Ne6+ Ke5 64.Ng5 1/2-1/2

[Event "zonal 3.2a"]
[Site "Yangon MYA"]
[Date "1998.12.12"]
[Round "5"]
[White "Nadera, Barlo"]
[Black "Utut Adianto"]
[Result "1-0"]
[WhiteElo "2400"]
[BlackElo "2610"]
[EventDate "1998.12.??"]
[PlyCount "109"]

1.d4 Nf6 2.c4 e6 3.Nc3 Bb4 4.Qc2 O-O 5.Bg5 c5 6.e3 h6 7.Bh4 cxd4 8.exd4 b6
9.Bd3 Bb7 10.f3 Nc6 11.Ne2 Be7 12.a3 d5 13.cxd5 Nxd5 14.Bf2 Rc8 15.O-O Na5
16.Rfe1 Bg5 17.Kh1 Qd7 18.Qd1 Nc4 19.Bxc4 Rxc4 20.Qb3 Rfc8 21.Ne4 Ba6 22.
Bg3 Be7 23.Rad1 R4c6 24.Nf4 Bc4 25.Qc2 Nxf4 26.Bxf4 Bd5 27.Qd3 Bh4 28.Re3 
f5 29.Nc3 Bb3 30.Rd2 Bc4 31.Qb1 Bd5 32.Be5 b5 33.Rd1 Bg5 34.f4 Bh4 35.Rh3 
Be7 36.Rg3 Bf8 37.Nxb5 Be4 38.Qa1 Rc2 39.Nc3 R8xc3 40.bxc3 Qd5 41.Rg1 Qc4 
42.Qf1 Qc6 43.Qd1 Qc4 44.Qh5 Rxc3 45.Rg6 Rc2 46.h3 Qc6 47.Kh2 Qb7 48.Rg3 
Bd5 49.Qxh6 Rc3 50.Rg5 Qf7 51.Rb1 Rc8 52.Rb2 a5 53.a4 Be4 54.Rb3 Rc2 55.
Rbg3 1-0

[Event "zonal 3.2a"]
[Site "Yangon MYA"]
[Date "1998.12.12"]
[Round "5"]
[White "Naing Lin Aung"]
[Black "Kyaw Kyaw Soe"]
[Result "0-1"]
[WhiteElo "2190"]
[BlackElo "2310"]
[EventDate "1998.12.??"]
[PlyCount "66"]

1.Nf3 d5 2.c4 c6 3.d4 e6 4.Nc3 Nf6 5.e3 Nbd7 6.Be2 dxc4 7.Bxc4 b5 8.Bd3 a6
9.O-O c5 10.Qe2 Bb7 11.Rd1 cxd4 12.Nxd4 Bc5 13.a3 O-O 14.b4 Bxd4 15.exd4 
Rc8 16.Bb2 Nb6 17.a4 Nc4 18.axb5 axb5 19.Rab1 Qb6 20.Ne4 Bxe4 21.Bxe4 Nxe4
22.Qxe4 Nxb2 23.Rxb2 Rc4 24.h4 h6 25.g4 f5 26.gxf5 exf5 27.Qe5 Qg6+ 28.Kh2
Qh5 29.Qxb5 Qxh4+ 30.Kg2 Qg4+ 31.Kh2 Rc3 32.Rd3 Qh4+ 33.Kg2 Qe4+ 0-1

[Event "zonal 3.2a"]
[Site "Yangon MYA"]
[Date "1998.12.12"]
[Round "5"]
[White "Roca, Petronio"]
[Black "Zaw Win Lay"]
[Result "1/2-1/2"]
[WhiteElo "2365"]
[BlackElo "2465"]
[EventDate "1998.12.??"]
[PlyCount "100"]

1.d4 Nf6 2.c4 e6 3.Nf3 b6 4.Nc3 Bb7 5.g3 Bb4 6.Bg2 O-O 7.O-O Bxc3 8.bxc3 
d6 9.a4 Nbd7 10.a5 Qc8 11.Ba3 Rd8 12.Qd2 c5 13.Bb2 Qc7 14.a6 Be4 15.Rfc1 
Nb8 16.d5 exd5 17.cxd5 Bxf3 18.Bxf3 c4 19.Rcb1 Nbd7 20.Qd4 Ne5 21.Bg2 h6 
22.f4 Ned7 23.e4 Rac8 24.Re1 Re8 25.Bh3 Rb8 26.Ba3 b5 27.Ra2 Qb6 28.Bb4 
Nxd5 29.Ba5 Qxd4+ 30.cxd4 N5b6 31.Rb2 Na4 32.Rbb1 Nf6 33.e5 dxe5 34.fxe5 
Nd5 35.Bd7 Nac3 36.Rbc1 Re7 37.Bc6 b4 38.Bxd5 Nxd5 39.Rxc4 b3 40.Rc5 Rd7 
41.Rb1 b2 42.Rc2 Rb5 43.Bd2 Rb6 44.Rbxb2 Rxa6 45.Rb8+ Kh7 46.h4 h5 47.Rcc8
Ra4 48.g4 Ne7 49.Rh8+ Kg6 50.Rxh5 Rdxd4 1/2-1/2

[Event "zonal 3.2a"]
[Site "Yangon MYA"]
[Date "1998.12.12"]
[Round "5"]
[White "Wong Zi Jing"]
[Black "Watanabe, Akira"]
[Result "0-1"]
[WhiteElo "2120"]
[BlackElo "2350"]
[EventDate "1998.12.??"]
[PlyCount "88"]

1.e4 c5 2.Nf3 d6 3.d4 cxd4 4.Nxd4 Nf6 5.Nc3 a6 6.f4 e6 7.Qf3 Qb6 8.Nb3 Nc6
9.Be3 Qc7 10.g4 h6 11.Bd3 b5 12.Qh3 h5 13.Rg1 g6 14.g5 Nd7 15.Nd4 Bg7 16.
Nce2 Nxd4 17.Nxd4 e5 18.fxe5 Nxe5 19.Qg3 Nxd3+ 20.cxd3 O-O 21.Rg2 Qa5+ 22.
Kf1 Be5 23.Nc6 Bxg3 24.Nxa5 Be5 25.Kg1 Bh3 26.Rc2 f5 27.gxf6 Rxf6 28.Rb1 
Rf3 29.d4 Bf4 30.Bf2 Re8 31.Re1 Bg5 32.Nb7 Ref8 33.Nxd6 Bh4 34.Ree2 Rd3 
35.Rc1 Rdf3 36.Rcc2 R8f4 37.e5 Rxd4 38.Rc1 Rg4+ 39.Kh1 Bxf2 40.Rc8+ Kg7 
41.Rc7+ Kh6 42.Rxf2 Rxf2 43.Nf7+ Rxf7 44.Rxf7 Bg2+ 0-1

[Event "zonal 3.2a"]
[Site "Yangon MYA"]
[Date "1998.12.13"]
[Round "6"]
[White "Chan, Mark"]
[Black "Nyi Nyi Zaw"]
[Result "0-1"]
[WhiteElo "2240"]
[BlackElo "2190"]
[EventDate "1998.12.??"]
[PlyCount "94"]

1.e4 c5 2.Nc3 Nc6 3.g3 g6 4.Bg2 Bg7 5.d3 e6 6.f4 Nge7 7.Be3 b6 8.Nf3 d5 9.
exd5 exd5 10.Bf2 O-O 11.O-O Bb7 12.d4 cxd4 13.Nxd4 Rc8 14.Nce2 Ba6 15.Re1 
Qc7 16.c3 Na5 17.a4 Rfd8 18.Bh3 Ra8 19.Nb5 Bxb5 20.axb5 Nc4 21.Qc2 Nd6 22.
Qd3 Ne4 23.Bd4 Bxd4+ 24.Nxd4 Qc5 25.Kg2 Qd6 26.Ra4 Nc5 27.Qc2 Nxa4 28.Qxa4
Kg7 29.Re2 Ng8 30.Bg4 Nf6 31.Bf3 Re8 32.Rd2 Ne4 33.Rd1 Qc5 34.Qa1 Re7 35.
c4 Kg8 36.cxd5 Nd6 37.b4 Qc7 38.Nc6 Ree8 39.Qf6 a6 40.h4 axb5 41.h5 Ra2+ 
42.Kh3 Re3 43.Ne5 Rxf3 44.Nxf3 Ne4 45.Qd4 Nf2+ 46.Kh4 Qd8+ 47.Ng5 Nxd1 0-1

[Event "zonal 3.2a"]
[Site "Yangon MYA"]
[Date "1998.12.13"]
[Round "6"]
[White "Lim Yee Weng"]
[Black "Naing Lin Aung"]
[Result "1-0"]
[WhiteElo "2140"]
[BlackElo "2190"]
[EventDate "1998.12.??"]
[PlyCount "131"]

1.e4 c5 2.Nf3 e6 3.c3 d5 4.exd5 exd5 5.d4 Nc6 6.Be2 Bd6 7.Be3 c4 8.O-O Nf6
9.b3 cxb3 10.axb3 O-O 11.c4 h6 12.h3 Re8 13.c5 Bc7 14.Nc3 Bf5 15.Bb5 Ne4 
16.Rc1 a6 17.Ba4 Re6 18.Nxe4 Bxe4 19.Bxc6 bxc6 20.Ne5 Bxe5 21.dxe5 Rxe5 
22.Bf4 Rf5 23.Bd6 Qg5 24.Bg3 Rf6 25.Kh2 Rg6 26.h4 Qf5 27.f3 Bd3 28.Re1 Re6
29.Rxe6 fxe6 30.Rc3 Bb1 31.Rc1 Bd3 32.Rc3 Bb5 33.Qd4 a5 34.Be5 Ra7 35.f4 
Qe4 36.Qxe4 dxe4 37.Rg3 Kh7 38.Re3 Bd3 39.Re1 Rb7 40.Ra1 e3 41.Ra3 Rb5 42.
Kg3 Be4 43.Bd4 e2 44.Kf2 Bd5 45.Bc3 Rxc5 46.Bxa5 Bxb3 47.Kxe2 Bd5 48.g3 
Rc2+ 49.Kd3 Rg2 50.Kd4 Kg6 51.Re3 Kf5 52.Be1 Rc2 53.Rc3 Ra2 54.Re3 Ra4+ 
55.Kc5 Kf6 56.Kd6 Rc4 57.Bc3+ Kg6 58.Be5 Ra4 59.Bb2 Rb4 60.Be5 Rb7 61.g4 
Kf7 62.Ra3 Ke8 63.Ra8+ Kf7 64.Ra3 Bg2 65.g5 h5 66.g6+ 1-0

[Event "zonal 3.2a"]
[Site "Yangon MYA"]
[Date "1998.12.13"]
[Round "6"]
[White "Liu, Dede"]
[Black "Handoko, Edhi"]
[Result "1/2-1/2"]
[WhiteElo "2375"]
[BlackElo "2470"]
[EventDate "1998.12.??"]
[PlyCount "117"]

1.e4 d5 2.exd5 Nf6 3.d4 Nxd5 4.c4 Nb6 5.Nc3 e5 6.dxe5 Qxd1+ 7.Nxd1 Nc6 8.
f4 Be6 9.Ne3 Bc5 10.Nf3 O-O-O 11.Ng5 Nb4 12.a3 Nd3+ 13.Bxd3 Rxd3 14.Nxe6 
fxe6 15.Ke2 Rb3 16.Ra2 Rd8 17.Rf1 Rd4 18.Nd1 Nxc4 19.Rf3 Na5 20.Nc3 Rd8 
21.Ne4 Be7 22.Nd2 Rxf3 23.Kxf3 c5 24.Ra1 c4 25.Rb1 b5 26.Ke2 Kc7 27.Nf3 
Nb3 28.Be3 Bc5 29.Ng5 Re8 30.Rd1 h6 31.Ne4 Bxe3 32.Kxe3 Rd8 33.Rxd8 Kxd8 
34.Nd6 a6 35.a4 c3 36.bxc3 bxa4 37.Nc4 Kc7 38.Kd3 Kc6 39.Kc2 Nc5 40.Ne3 a3
41.g3 a2 42.Kb2 Na4+ 43.Kxa2 Nxc3+ 44.Kb3 Nd5 45.Nc4 Kc5 46.Nd6 Kd4 47.Ka4
g5 48.fxg5 hxg5 49.h4 gxh4 50.gxh4 Kxe5 51.Nb7 Nc7 52.Ka5 Kd5 53.h5 Ne8 
54.h6 Nf6 55.Kxa6 e5 56.Kb5 e4 57.Nc5 e3 58.Nd3 Kd4 59.Nf4 1/2-1/2

[Event "zonal 3.2a"]
[Site "Yangon MYA"]
[Date "1998.12.13"]
[Round "6"]
[White "Hafizulhelmi, Mas"]
[Black "Antonio, Rogelio jr"]
[Result "1/2-1/2"]
[WhiteElo "2400"]
[BlackElo "2540"]
[EventDate "1998.12.??"]
[PlyCount "131"]

1.e4 c6 2.d4 d5 3.f3 e6 4.Nc3 Bb4 5.Bf4 Ne7 6.a3 Bxc3+ 7.bxc3 O-O 8.Bd3 
Ng6 9.Bg3 f5 10.exf5 exf5 11.Ne2 Nd7 12.h4 f4 13.Bf2 Ne7 14.Qd2 Qc7 15.h5 
c5 16.dxc5 Nxc5 17.Rh4 Ne6 18.Rb1 Bd7 19.Kf1 b6 20.Rb4 Nc6 21.Rb5 Ne7 22.
Rb4 Nc6 23.Rb5 Kh8 24.Rxd5 Ne7 25.Rd4 Nxd4 26.Bxd4 Nf5 27.Bxf5 Rxf5 28.h6 
Kg8 29.Bxg7 Bb5 30.Rg4 Kf7 31.Kg1 Bxe2 32.Qxe2 Qe7 33.Qc4+ Qe6 34.Rxf4 
Rxf4 35.Qxf4+ Ke7 36.Qc7+ Ke8 37.Kf2 Rd8 38.Bd4 Qxh6 39.Qxa7 Qd2+ 40.Kg3 
Qg5+ 41.Kf2 Qd2+ 42.Kg3 Qe1+ 43.Kf4 Qd2+ 44.Kg3 Qe1+ 45.Kf4 Qh4+ 46.Ke3 
Qe1+ 47.Kf4 Qh4+ 48.Ke3 b5 49.Qc5 Qe7+ 50.Qxe7+ Kxe7 51.Ke4 Kd6 52.g4 Ra8 
53.Be5+ Kc6 54.f4 Rxa3 55.g5 Ra8 56.f5 Ra1 57.g6 Re1+ 58.Kd4 hxg6 59.fxg6 
Rg1 60.g7 Rg4+ 61.Ke3 Kd5 62.Kf3 Rg6 63.Kf4 Ke6 64.Bd4 Rg2 65.Kf3 Rg6 66.
Kf4 1/2-1/2

[Event "zonal 3.2a"]
[Site "Yangon MYA"]
[Date "1998.12.13"]
[Round "6"]
[White "Myo Naing"]
[Black "Kyaw Kyaw Soe"]
[Result "1-0"]
[WhiteElo "2345"]
[BlackElo "2310"]
[EventDate "1998.12.??"]
[PlyCount "49"]

1.d4 d5 2.Nf3 c6 3.c4 Nf6 4.Nbd2 e6 5.e3 Bd6 6.b3 O-O 7.Bb2 Nbd7 8.Bd3 Qe7
9.Ne5 Ba3 10.Bxa3 Qxa3 11.f4 Qd6 12.c5 Qe7 13.O-O Ne8 14.Rf3 f5 15.Qe2 
Nef6 16.Kh1 Ne4 17.Rg1 Ndf6 18.g4 Nxd2 19.Qxd2 Ne4 20.Bxe4 fxe4 21.Rh3 Bd7
22.Qe1 b6 23.g5 bxc5 24.Qh4 g6 25.Nxg6 1-0

[Event "zonal 3.2a"]
[Site "Yangon MYA"]
[Date "1998.12.13"]
[Round "6"]
[White "Myo Thant Khine"]
[Black "Matsuo, Tomohiko"]
[Result "1-0"]
[WhiteElo "2320"]
[BlackElo "2205"]
[EventDate "1998.12.??"]
[PlyCount "57"]

1.e4 e5 2.Nf3 Nc6 3.Bb5 a6 4.Ba4 Nf6 5.O-O Be7 6.Re1 b5 7.Bb3 d6 8.c3 O-O 
9.h3 Na5 10.Bc2 c5 11.d4 Qc7 12.Nbd2 Rd8 13.Nf1 cxd4 14.cxd4 exd4 15.Ng3 
Nc6 16.Bf4 Qb6 17.a3 Be6 18.Qd2 Nd7 19.Nf5 Bf6 20.Rad1 Nde5 21.N5xd4 Nc4 
22.Qc3 Nxd4 23.Nxd4 Rac8 24.Bb1 Nxa3 25.Qxa3 Bxd4 26.Qg3 Bxb2 27.Bxd6 a5 
28.Rd2 Bd4 29.Rxd4 1-0

[Event "zonal 3.2a"]
[Site "Yangon MYA"]
[Date "1998.12.13"]
[Round "6"]
[White "Nadera, Barlo"]
[Black "Dao Thien Hai"]
[Result "1/2-1/2"]
[WhiteElo "2400"]
[BlackElo "2580"]
[EventDate "1998.12.??"]
[PlyCount "52"]

1.d4 Nf6 2.c4 e6 3.Nc3 Bb4 4.Qc2 O-O 5.a3 Bxc3+ 6.Qxc3 Ne4 7.Qc2 f5 8.g3 
c5 9.dxc5 Nxc5 10.Be3 Ne4 11.Bg2 Nc6 12.b4 b6 13.Nf3 Bb7 14.O-O Rc8 15.
Rfd1 Qe7 16.Qb2 d6 17.Rac1 Rc7 18.Ne1 Rfc8 19.Nd3 Nd8 20.f3 Nf6 21.c5 Nd5 
22.cxd6 Qxd6 23.Rxc7 Qxc7 24.Rc1 Qe7 25.Rxc8 Bxc8 26.Bf2 Bb7 1/2-1/2

[Event "zonal 3.2a"]
[Site "Yangon MYA"]
[Date "1998.12.13"]
[Round "6"]
[White "Sharavdorj, Dashzeveg"]
[Black "Roca, Petronio"]
[Result "1-0"]
[WhiteElo "2385"]
[BlackElo "2365"]
[EventDate "1998.12.??"]
[PlyCount "109"]

1.Nf3 g6 2.d4 Bg7 3.c4 c5 4.d5 d6 5.Nc3 a6 6.a4 e6 7.dxe6 Bxe6 8.e3 Nc6 9.
Be2 f5 10.O-O Bxc3 11.bxc3 Na5 12.e4 fxe4 13.Ng5 Bf5 14.g4 h6 15.gxf5 hxg5
16.fxg6 Qf6 17.g7 Qxg7 18.Qxd6 Rd8 19.Qg3 Ne7 20.Bxg5 Nf5 21.Qg2 Rd7 22.
Qxe4+ Ne7 23.h4 Qg6 24.Qg2 Nf5 25.Bg4 O-O 26.Rad1 Rdf7 27.Bxf5 Rxf5 28.Rd6
Qg7 29.Qg4 Rf4 30.Qh5 R4f6 31.Rxf6 Rxf6 32.Qe8+ Rf8 33.Qe6+ Qf7 34.Qd5 
Nxc4 35.Qxc5 Qe6 36.Bf4 Rf5 37.Qc7 Ne5 38.Bxe5 Rxe5 39.Kh2 Qf6 40.Rg1+ Kh8
41.Qc8+ Kh7 42.Qg8+ Kh6 43.Rg6+ Qxg6 44.Qh8+ Qh7 45.Qxe5 Qd7 46.a5 Qc6 47.
Kg3 Qh1 48.Qe3+ Kg6 49.f3 Qa1 50.Qb6+ Kf5 51.Qc5+ Kf6 52.Kg4 Qa2 53.Qb6+ 
Ke5 54.f4+ Ke4 55.Qd4# 1-0

[Event "zonal 3.2a"]
[Site "Yangon MYA"]
[Date "1998.12.13"]
[Round "6"]
[White "Villamayor, Buenaventura"]
[Black "Utut Adianto"]
[Result "0-1"]
[WhiteElo "2280"]
[BlackElo "2610"]
[EventDate "1998.12.??"]
[PlyCount "76"]

1.g3 d5 2.Bg2 c6 3.Nf3 Nf6 4.c4 dxc4 5.a4 Be6 6.Ng5 Bd5 7.e4 h6 8.exd5 
hxg5 9.dxc6 Nxc6 10.d4 Nxd4 11.O-O g4 12.Be3 e5 13.Nd2 Rc8 14.Rc1 Bb4 15.
Nxc4 Rh5 16.Bxb7 Rc7 17.Bg2 Kf8 18.Bxd4 exd4 19.Qd3 g6 20.Rfd1 Kg7 21.Nd2 
Rd7 22.Ne4 Re5 23.Rc4 Nxe4 24.Bxe4 a5 25.Rxd4 Rxd4 26.Qxd4 Qf6 27.Rc1 Qe7 
28.Bd3 Bc5 29.Qf4 Re3 30.Rxc5 Re1+ 31.Bf1 Qxc5 32.Qxg4 Rc1 33.Qf4 Rb1 34.
Kg2 Qd5+ 35.f3 Rxb2+ 36.Kh3 Qh5+ 37.Qh4 Qxf3 38.Qd4+ Qf6 0-1

[Event "zonal 3.2a"]
[Site "Yangon MYA"]
[Date "1998.12.13"]
[Round "6"]
[White "Watanabe, Akira"]
[Black "De Guzman, Ricardo"]
[Result "1-0"]
[WhiteElo "2350"]
[BlackElo "2400"]
[EventDate "1998.12.??"]
[PlyCount "91"]

1.d4 Nf6 2.c4 e6 3.Nc3 Bb4 4.e3 O-O 5.Bd3 c5 6.Ne2 d5 7.cxd5 cxd4 8.exd4 
Qxd5 9.O-O Qd8 10.Bg5 Be7 11.Bc2 Nc6 12.a3 g6 13.Re1 b6 14.Qd3 Bb7 15.Rad1
Nd5 16.Bh6 Re8 17.Bb3 Bf6 18.Ne4 Bg7 19.Bg5 f6 20.Bh4 Rf8 21.Bg3 Nce7 22.
Nd6 Bc6 23.Nf4 Nxf4 24.Bxf4 Nd5 25.Rxe6 Kh8 26.Bg3 f5 27.Nxf5 Rxf5 28.Rxc6
Qg5 29.Bxd5 Rxd5 30.Qc4 Qf5 31.Rd6 Rxd6 32.Bxd6 Rc8 33.Qa4 h5 34.h4 Qg4 
35.Bg3 g5 36.hxg5 h4 37.Bh2 Kh7 38.Kh1 Qe2 39.d5 Rc4 40.Qb3 Rd4 41.Rxd4 
Bxd4 42.Qf3 Qe1+ 43.Bg1 Bxb2 44.Qf7+ Bg7 45.d6 Qe5 46.Qh5+ 1-0

[Event "zonal 3.2a"]
[Site "Yangon MYA"]
[Date "1998.12.13"]
[Round "6"]
[White "Wong Zi Jing"]
[Black "Myint Han"]
[Result "1-0"]
[WhiteElo "2120"]
[BlackElo "2260"]
[EventDate "1998.12.??"]
[PlyCount "65"]

1.e4 c5 2.Nf3 Nc6 3.d4 cxd4 4.Nxd4 Nf6 5.Nc3 e5 6.Ndb5 d6 7.Bg5 a6 8.Na3 
b5 9.Bxf6 gxf6 10.Nd5 f5 11.c3 Bg7 12.exf5 Bxf5 13.Nc2 O-O 14.Nce3 Be6 15.
Bd3 f5 16.Bc2 Ne7 17.O-O Ng6 18.Bb3 Kh8 19.f4 exf4 20.Nc2 Qg5 21.Nd4 Rae8 
22.Nc7 Nh4 23.Rf2 Bxb3 24.axb3 f3 25.Nxe8 Rxe8 26.Nxf3 Nxf3+ 27.Qxf3 Be5 
28.Qxf5 Qh4 29.g3 Rg8 30.Rf3 b4 31.Rxa6 bxc3 32.bxc3 Qh6 33.Qxe5+ 1-0

[Event "zonal 3.2a"]
[Site "Yangon MYA"]
[Date "1998.12.13"]
[Round "6"]
[White "Zaw Oo"]
[Black "Dang Tat Thang"]
[Result "1-0"]
[WhiteElo "2340"]
[BlackElo "2245"]
[EventDate "1998.12.??"]
[PlyCount "35"]

1.e4 e5 2.Nf3 Nc6 3.Bb5 a6 4.Ba4 Nf6 5.O-O b5 6.Bb3 Bb7 7.Re1 Bc5 8.c3 Bb6
9.d4 Qe7 10.a4 b4 11.Bd5 exd4 12.a5 Ba7 13.cxd4 O-O-O 14.Nbd2 Nxd4 15.
Bxb7+ Kxb7 16.e5 Nxf3+ 17.Qxf3+ d5 18.exd6+ 1-0

[Event "zonal 3.2a"]
[Site "Yangon MYA"]
[Date "1998.12.13"]
[Round "6"]
[White "Zaw Win Lay"]
[Black "Aung Aung"]
[Result "1-0"]
[WhiteElo "2465"]
[BlackElo "2400"]
[EventDate "1998.12.??"]
[PlyCount "43"]

1.d4 d5 2.c4 e6 3.Nc3 Nf6 4.Nf3 c6 5.Bg5 dxc4 6.e4 b5 7.e5 h6 8.Bh4 g5 9.
Nxg5 hxg5 10.Bxg5 Nbd7 11.exf6 Bb7 12.g3 c5 13.d5 Qa5 14.Bg2 Nb6 15.O-O b4
16.dxe6 Bxg2 17.Kxg2 bxc3 18.Qf3 Rc8 19.Qb7 Rh7 20.exf7+ Rxf7 21.Rfe1+ Kd8
22.Rad1+ 1-0

[Event "zonal 3.2a"]
[Site "Yangon MYA"]
[Date "1998.12.14"]
[Round "7"]
[White "Utut Adianto"]
[Black "Sharavdorj, Dashzeveg"]
[Result "1-0"]
[WhiteElo "2610"]
[BlackElo "2385"]
[EventDate "1998.12.??"]
[PlyCount "65"]

1.Nf3 Nf6 2.g3 g6 3.Bg2 Bg7 4.O-O O-O 5.c4 d6 6.Nc3 e5 7.d3 Nc6 8.Rb1 a5 
9.a3 Re8 10.Bg5 h6 11.Bxf6 Bxf6 12.b4 axb4 13.axb4 Bg7 14.b5 Nd4 15.Nxd4 
exd4 16.Nd5 Ra2 17.Re1 Bg4 18.Bf3 h5 19.Nb4 Ra7 20.Bxg4 hxg4 21.b6 cxb6 
22.Nd5 Ra5 23.Nxb6 Rh5 24.Nd5 Be5 25.e3 Rg5 26.Rxb7 Kg7 27.e4 Rh8 28.f4 
Rxh2 29.Re2 Rh3 30.Rg2 Rgh5 31.Kf2 Rh1 32.Qxg4 Qa8 33.Qd7 1-0

[Event "zonal 3.2a"]
[Site "Yangon MYA"]
[Date "1998.12.14"]
[Round "7"]
[White "Dang Tat Thang"]
[Black "Chan, Mark"]
[Result "1/2-1/2"]
[WhiteElo "2245"]
[BlackElo "2240"]
[EventDate "1998.12.??"]
[PlyCount "92"]

1.d4 Nf6 2.Nf3 e6 3.Bg5 d5 4.Nbd2 Be7 5.e3 O-O 6.Bd3 c5 7.c3 cxd4 8.exd4 
Nc6 9.O-O Re8 10.Re1 a6 11.a4 b6 12.Qe2 Bb7 13.Rad1 Nd7 14.Bf4 Nf8 15.Bg3 
Bd6 16.Ne5 Qc7 17.Ndf3 f6 18.Nxc6 Qxc6 19.Ra1 Bxg3 20.hxg3 Qd6 21.Qd2 Rad8
22.Qf4 a5 23.Qxd6 Rxd6 24.Re3 Bc6 25.Bc2 Rdd8 26.Nd2 Rc8 27.f4 Bd7 28.Nf3 
Ng6 29.Kf2 Nh8 30.Rh1 h6 31.Rhe1 Nf7 32.g4 Nd6 33.Nd2 Kf7 34.Bb3 Bc6 35.c4
dxc4 36.Nxc4 Nxc4 37.Bxc4 Bd5 38.Bxd5 exd5 39.Rxe8 Rxe8 40.Rxe8 Kxe8 41.f5
Ke7 42.Kg3 Ke8 43.Kh4 Ke7 44.Kh5 Kf7 45.g3 Kf8 46.Kg6 Kg8 1/2-1/2

[Event "zonal 3.2a"]
[Site "Yangon MYA"]
[Date "1998.12.14"]
[Round "7"]
[White "Dao Thien Hai"]
[Black "Watanabe, Akira"]
[Result "1/2-1/2"]
[WhiteElo "2580"]
[BlackElo "2350"]
[EventDate "1998.12.??"]
[PlyCount "77"]

1.d4 Nf6 2.c4 g6 3.Nc3 Bg7 4.e4 d6 5.Bg5 O-O 6.f3 c5 7.d5 h6 8.Bf4 e6 9.
dxe6 Bxe6 10.Bxd6 Re8 11.Bxc5 Nc6 12.Qxd8 Raxd8 13.Be3 Na5 14.Bxa7 Nxc4 
15.Bxc4 Bxc4 16.Nge2 Nd7 17.O-O-O b6 18.Kb1 Be6 19.Nf4 Bxc3 20.bxc3 Re7 
21.Nxe6 fxe6 22.Rd6 Ra8 23.Bxb6 Rb8 24.Kc2 Rxb6 25.Rxb6 Nxb6 26.Rb1 Nd7 
27.Rb5 Kf7 28.a4 Re8 29.a5 Ke7 30.f4 Kd6 31.Kd3 Kc6 32.c4 Rf8 33.g3 Ra8 
34.Kd4 Rd8 35.Ke3 Nc5 36.Rb6+ Kc7 37.Rb5 Kc6 38.Rb6+ Kc7 39.Rb5 1/2-1/2

[Event "zonal 3.2a"]
[Site "Yangon MYA"]
[Date "1998.12.14"]
[Round "7"]
[White "De Guzman, Ricardo"]
[Black "Wong Zi Jing"]
[Result "1/2-1/2"]
[WhiteElo "2400"]
[BlackElo "2120"]
[EventDate "1998.12.??"]
[PlyCount "150"]

1.d4 Nf6 2.Nf3 c5 3.c4 g6 4.Nc3 Bg7 5.e4 cxd4 6.Nxd4 d6 7.Be2 O-O 8.O-O 
Nc6 9.Be3 Bd7 10.Qd2 a6 11.f3 Rb8 12.Rfd1 b5 13.cxb5 Nxd4 14.Bxd4 axb5 15.
b4 Bc6 16.Rac1 Qd7 17.a4 bxa4 18.b5 Bxb5 19.Nxb5 Rxb5 20.Bxb5 Qxb5 21.Rb1 
Qa6 22.Rb6 Qa8 23.Qd3 Nd7 24.Bxg7 Qa7 25.Bxf8 Qxb6+ 26.Qd4 Kxf8 27.Qxb6 
Nxb6 28.Rd4 a3 29.Kf2 Ke8 30.Rd3 Nc4 31.Rc3 d5 32.exd5 a2 33.Rc1 Nb6 34.d6
e6 35.Ra1 Nc4 36.Rxa2 Nxd6 37.Ra8+ Ke7 38.g4 Kf6 39.h4 h6 40.Rd8 Nc4 41.f4
Nb6 42.Kf3 Nd5 43.Rd7 Nb6 44.Rb7 Nd5 45.Ra7 Nb6 46.g5+ hxg5 47.fxg5+ Kg7 
48.Kf4 Nd5+ 49.Ke5 Ne3 50.Ra4 Nf5 51.Rb4 Ne7 52.Rc4 Nf5 53.Ra4 Ne7 54.Kd6 
Nf5+ 55.Kd7 Kf8 56.Ra8+ Kg7 57.Ra4 Kf8 58.Kd8 Nd6 59.Kd7 Nf5 60.Rb4 Kg7 
61.Re4 Kf8 62.Rc4 Kg7 63.Kc6 Ne7+ 64.Kd6 Nf5+ 65.Ke5 Ne3 66.Ra4 Nf5 67.Re4
Ng3 68.Re3 Nf5 69.Rh3 Ne7 70.Kf4 Nd5+ 71.Ke5 Ne7 72.Ra3 Nf5 73.Ra4 Ne7 74.
Kf4 Nf5 75.Kg4 Ne3+ 1/2-1/2